000 00345nam a2200133Ia 4500
008 191201s2018 xx 000 0 und d
082 _a570.15195 RAB
100 _aRAO, SRIDHAR.B
245 0 _aBiostatistics for Pharmacy Students
260 _bAITBS pub
_aNew Delhi
_c2018
300 _a171
650 _aMathematics/Statiatics
942 _2ddc
_cBK
999 _c8201
_d8201